Entry Nombre personal
001 - NÚMERO DE CONTROL
- campo de control: 172542
003 - IDENTIFICADOR DE NÚMERO DE CONTROL
- campo de control: SpMaBN
005 - FECHA Y HORA DE LA ÚLTIMA TRANSACCIÓN
- campo de control: 20250731000433.0
008 - ELEMENTOS DE DATO DE LONGITUD-FIJA
- campo de control de longitud fija: 900507nn ainnnaabn n aac d
016 ## - NÚMERO DE CONTROL DE UNA AGENCIA BIBLIOGRÁFICA NACIONAL
- Número de control del registro: BNE20010216773
040 ## - FUENTE DE CATALOGACIÓN
- Centro catalogador/agencia de origen: SpMaBN
- Lengua de catalogación: spa
- Centro/agencia transcriptor: PAB
046 ## - FECHAS CON CODIFICACIÓN ESPECIAL
- Fecha de nacimiento: 1840
- Fecha de la muerte: 1877
100 1# - ENCABEZAMIENTO-NOMBRE DE PERSONA
- Nombre de persona: Pedró, Tomás,
- Fechas asociadas al nombre: 1840-1877
375 ## - GÉNERO/SEXO
- Género: Masculino
